Loading...
| History - World | 0 | 7 | 0 | 0 | 70 | 50 | 73.00 | 1 | 3 | 0.00 | 0.00 |
| Religion | 0 | 7 | 1 | 1 | 65 | 64 | 98.14 | 0 | 2 | 0.00 | 0.00 |
| History - Other | 0 | 6 | 0 | 1 | 60 | 63 | 88.33 | 3 | 3 | 0.00 | 0.00 |
| Social Science | 0 | 4 | 0 | 2 | 40 | 70 | 105.75 | 0 | 0 | 0.00 | 0.00 |
| Science - Other | 0 | 4 | 1 | 2 | 35 | 57 | 104.25 | 0 | 0 | 0.00 | 0.00 |
| Geography | 0 | 3 | 0 | 0 | 30 | 63 | 84.00 | 0 | 1 | 0.00 | 0.00 |
| Fine Arts - Painting and Sculpture | 0 | 3 | 0 | 0 | 30 | 72 | 99.67 | 0 | 0 | 0.00 | 0.00 |
| Science - Biology | 0 | 4 | 2 | 2 | 30 | 30 | 83.75 | 1 | 2 | 0.00 | 0.00 |
| Mythology | 0 | 3 | 0 | 2 | 30 | 109 | 123.00 | 0 | 0 | 0.00 | 0.00 |
| History - American | 0 | 3 | 0 | 1 | 30 | 90 | 110.67 | 0 | 0 | 0.00 | 0.00 |
| Science - Chemistry | 0 | 3 | 1 | 0 | 25 | 59 | 85.00 | 0 | 2 | 0.00 | 0.00 |
| Literature - American | 0 | 2 | 0 | 0 | 20 | 92 | 103.00 | 0 | 0 | 0.00 | 0.00 |
| Fine Arts - Other | 0 | 2 | 0 | 0 | 20 | 93 | 99.00 | 0 | 0 | 0.00 | 0.00 |
| Fine Arts - Classical Music | 0 | 2 | 0 | 0 | 20 | 96 | 116.00 | 0 | 0 | 0.00 | 0.00 |
| Other Academic | 0 | 1 | 0 | 0 | 10 | 99 | 99.00 | 0 | 0 | 0.00 | 0.00 |
| History - European | 0 | 1 | 1 | 0 | 5 | 82 | 82.00 | 0 | 1 | 0.00 | 0.00 |
| Literature - European | 0 | 0 | 0 | 0 | 0 | 0.00 | 0 | 0 | 0.00 | 0.00 | |
| Literature - World | 0 | 0 | 0 | 0 | 0 | 0.00 | 0 | 0 | 0.00 | 0.00 | |
| Science - Physics | 0 | 1 | 2 | 0 | 0 | 86 | 86.00 | 0 | 0 | 0.00 | 0.00 |
| Current Events | 0 | 0 | 1 | 0 | -5 | 0.00 | 0 | 0 | 0.00 | 0.00 | |
| Philosophy | 0 | 0 | 1 | 0 | -5 | 0.00 | 0 | 0 | 0.00 | 0.00 |